000 00486nam a22001937a 4500
005 20240715142701.0
008 240715b |||||||| |||| 00| 0 eng d
020 _a9781849940061
041 _aeng
082 _a746
_bTRI
100 _aTriston Julia
_9207892
245 _aHow to Be Creative in Textile Art
260 _aLondon
_bBatsford
_c2011
300 _a128
365 _b1772.00
_cRs.00
650 _aTextile Art
_9180742
700 _aLombard Rachel
_9207893
942 _cBK
999 _c359057
_d359057